000 01016nam a22003017a 4500
003 CHAP
005 20220329134804.0
008 971013s1983 r 00010 d
010 _a25939
011 _a26911
035 _a31012
040 _cCHAP
082 _a633.17
_bI57
110 _aInternational Crops Research Institute for the Semi-Arid Tropics. Sorghum and Millets Information Center
_959684
245 _aMillets bibliography
260 _aAndhra Pradesh, India :
_bICRISAT,
_c1983
300 _a173 p
500 _aLa biblioteca tiene: 1970-76, 1981
590 _aBATCH-UPD
_b10
_c20130110
_lUCH01
_h2257
590 _aBATCH-UPD
_b10
_c20130410
_lUCH01
_h1550
590 _aBATCH-UPD
_b10
_c20130914
_lUCH01
_h2021
590 _aCONVERSION
_b10
_c20130109
_lUCH01
_h1315
650 1 4 _aMijo
_xBibliografía.
_975643
901 _aBK
942 _cLIBRO
949 _a633.17 I57
_bBC
_cC
_d33724000570859
_eC
_f1970-76
_h61802
_i31012
_si
949 _a633.17 I57
_bBC
_cC
_d33724000570875
_eC
_f1981
_h71592
_i31012
_si
999 _c25939
_d25939